[Event "Baden-ch U16"]
[Site "Karlsruhe"]
[Date "2008.01.04"]
[Round "4"]
[White "Petermann, Michail"]
[Black "Koeppel, Marius"]
[Result "1-0"]
[WhiteElo "2006"]
[BlackElo "1483"]
[PlyCount "123"]
[EventDate "2008.01.02"]
[EventType "swiss"]
[EventRounds "7"]
[EventCountry "GER"]
[SourceTitle "EXT 2009"]
[Source "ChessBase"]
[SourceDate "2008.11.26"]
[SourceVersion "1"]
[SourceVersionDate "2008.11.26"]
[SourceQuality "1"]

1. e4 e6 2. d4 d5 3. Nc3 Bb4 4. e5 c5 5. a3 Bxc3+ 6. bxc3 c4 7. Qg4 g6 8. h4 h5 9. Qf3 Nc6 10. Bg5 Qc7 11. Rh3 Nce7 12. Qf4 Bd7 13. Be2 Rh7 14. Bxe7 Nxe7 15. Nf3 Nf5 16. Ng5 Rg7 17. g4 hxg4 18. Bxg4 0-0-0 19. Bxf5 exf5 20. Qh2 Rdg8 21. f4 Re8 22. Kd2 Be6 23. h5 gxh5 24. Rxh5 Qd8 25. Qh3 Reg8 26. Rh1 Re8 27. Rh2 a6 28. Nh7 Kb8 29. Nf6 Rf8 30. Qf3 Ka7 31. Rg2 Rxg2+ 32. Qxg2 Qa5 33. Qg7 Qxa3 34. Rh1 Rc8 35. Nh7 Qe7 36. Ng5 Qf8 37. Qxf8 Rxf8 38. Rh6 Re8 39. Rf6 Re7 40. Nf3 b5 41. Nh4 Kb7 42. Nxf5 Bxf5 43. Rxf5 a5 44. Kc1 Kb8 45. Rf6 Kb7 46. Rd6 Kc7 47. Rxd5 Kc6 48. Rd6+ Kc7 49. d5 Rd7 50. Rc6+ Kb7 51. Rc5 Kb6 52. e6 fxe6 53. dxe6 Re7 54. Re5 Kc7 55. f5 Kd6 56. Rxb5 a4 57. Kb2 Kc6 58. Ra5 Kd6 59. Ka3 Re8 60. Kxa4 Ke7 61. Ra7+ Kf6 62. Rf7+ 1-0

[Event "Baden-ch U16"]
[Site "Karlsruhe"]
[Date "2008.01.03"]
[Round "2"]
[White "Walther, Jochen"]
[Black "Koeppel, Marius"]
[Result "0-1"]
[WhiteElo "1328"]
[BlackElo "1483"]
[PlyCount "82"]
[EventDate "2008.01.02"]
[EventType "swiss"]
[EventRounds "7"]
[EventCountry "GER"]
[SourceTitle "EXT 2009"]
[Source "ChessBase"]
[SourceDate "2008.11.26"]
[SourceVersion "1"]
[SourceVersionDate "2008.11.26"]
[SourceQuality "1"]

1. e4 Nf6 2. e5 Nd5 3. Bc4 Nb6 4. Bb3 d6 5. Qf3 e6 6. exd6 Bxd6 7. Ne2 Bd7 8. Nbc3 Bc6 9. Qg4 Qf6 10. Ne4 Bxe4 11. Qxe4 Nc6 12. d4 0-0-0 13. Be3 Qg6 14. Qxg6 hxg6 15. h3 Na5 16. 0-0 Nac4 17. Bxc4 Nxc4 18. b3 Nxe3 19. fxe3 Rd7 20. c4 b6 21. e4 c5 22. d5 Rh4 23. dxe6 fxe6 24. Rad1 Rxe4 25. Nc3 Rd4 26. Nb5 Bh2+ 27. Kxh2 Rxd1 28. Rf8+ Rd8 29. Rf7 R1d7 30. Rf3 a6 31. Nc3 Rd3 32. Rxd3 Rxd3 33. Ne4 Re3 34. Ng5 Kd7 35. Nf3 Re2 36. a3 Kd6 37. b4 Ra2 38. bxc5+ bxc5 39. Kg3 Rxa3 40. Kf4 Rxf3+ 41. Kxf3 a5 0-1